000 00503cam a22001337a 4500
008 180718b2008 xxu||||| |||| 00| 0 eng d
082 _aAPPPA 2007-08/BHA
100 _aBhatnagar, Anupama
245 _aRole and operational mechanism of foreign education providers in India
_cby Anupama Bhatnagar
260 _aNew Delhi
_bIndian Institute of Public Administration
_c2008
300 _a128+p.
500 _aAn APPPA M.Phil dissertation, 2007-08 (Guide: Girish Kumar)
650 _aEducation, Higher - India
999 _c493601
_d493601